Most Streamed Tame Impala Songs - Statistics

General Stats
  • This quiz has been taken 72 times
    25 since last reset
  • The average score is 14 of 20
Answer Stats
# Streams Answer % Correct
2 1,138,848,148 Borderline
100%
1 2,405,125,881 The Less I Know The Better
100%
3 917,583,934 Let It Happen
94%
8 331,797,002 Dracula
89%
19 166,932,532 Dracula - JENNIE Remix
89%
4 781,645,088 New Person, Same Old Mistakes
89%
7 389,894,878 Elephant
83%
6 581,294,521 Eventually
83%
11 283,232,811 Nangs
83%
5 661,644,911 Feels Like We Only Go Backwards
78%
12 283,047,951 One More Hour
72%
15 208,789,862 The Moment
67%
9 305,213,310 Yes I'm Changing
61%
14 230,170,435 Lost In Yesterday
56%
18 172,782,989 Breathe Deeper
50%
13 275,025,245 Is It True
50%
17 179,058,580 Disciples
39%
20 153,078,697 'Cause I'm A Man
33%
10 284,748,532 New Gold
33%
16 189,960,191 waves - Remix
11%
No matching quizzes found
Score Distribution
Percent of People with Each Score
Percentile by Number Answered
Your Score History
You have not taken this quiz since the last reset